| 000 | 01386cam a22003854a 4500 | ||
|---|---|---|---|
| 001 | 12496095 | ||
| 003 | OSt | ||
| 005 | 20140310181628.0 | ||
| 008 | 010807s2002 mnuab c b 001 0beng | ||
| 010 | _a 2001004731 | ||
| 020 | _a0756501806 | ||
| 040 |
_aDLC _cDLC _dDLC |
||
| 042 |
_apcc _alcac |
||
| 043 |
_ae-it--- _aa------ |
||
| 050 | 0 | 0 |
_aG 370.P9 _b.B844 2002 |
| 082 | 0 | 0 |
_aHS 915.04 _bB91 2002 |
| 100 | 1 |
_aBurgan, Michael. _912920 |
|
| 245 | 1 | 0 |
_aMarco Polo : _bMarco Polo and the silk road to China / _cMichael Burgan |
| 260 |
_aMinneapolis : _bCompass Point Books, _cc2002. |
||
| 300 |
_a48 p. : _bill. (some col.), col. map ; _c24 cm. |
||
| 440 | 0 |
_aExploring the world _913263 |
|
| 600 | 1 | 0 |
_aPolo, Marco, _d1254-1323? _xTravel _vJuvenile literature. |
| 600 | 1 | 1 |
_aPolo, Marco, _d1254-1323? |
| 650 | 0 |
_aExplorers _zItaly _vBiography _vJuvenile literature. |
|
| 650 | 0 |
_aTravel, Medieval _vJuvenile literature. |
|
| 650 | 1 | _aExplorers. | |
| 650 | 1 | _aVoyages and travels. | |
| 651 | 0 |
_aAsia _xDescription and travel _vJuvenile literature. |
|
| 651 | 1 |
_aAsia _xDescription and travel. |
|
| 856 | 4 |
_3Table of Contents _uhttp://www.loc.gov/catdir/toc/ecip02/2001004731.html |
|
| 906 |
_a7 _bcbc _corignew _d1 _eecip _f20 _gy-gencatlg |
||
| 942 |
_2lcc _cHS |
||
| 999 |
_c410 _d410 |
||